000 00796cam a22002651 4500
001 6324
003 BD-RjUL
005 20211208234226.0
008 140109r19531951ctua 001 0 eng
035 _a(BD-RjUL)6364
035 _a(OCoLC)2551377
040 _aDLC
_cO
_dOClW-H
_dOCoLC
_dUk
_dBD-RjUL
_beng
041 _aeng
082 _a507.2
_bCOS 1953
100 1 _aConant, James Bryant
_d1893-1978
_916467
245 1 0 _aScience and common sense /
_cJames Bryant Conant
260 _aNew Haven :
_bYale University Press,
_c195 [reprient 1953].
300 _axii, 371 p. :
_billus. ;
_c21 cm.
504 _aIncludes bibliography and index.
650 0 _aScience
_xMethodology.
_919912
650 0 _aScience
_xExperiments.
_95617
942 _2ddc
_cBK
999 _c6324
_d6324